Адаптация SCADA-системы в структуре программного обеспечения системы автоматизации экспериментов на термоядерной установке КТМ; Известия Томского политехнического университета [Известия ТПУ]; Т. 305, вып. 3 : Проблемы и перспективы технологий атомной промышленности

Dades bibliogràfiques
Parent link:Известия Томского политехнического университета [Известия ТПУ]/ Томский политехнический университет (ТПУ).— , 2000-
Т. 305, вып. 3 : Проблемы и перспективы технологий атомной промышленности.— 2002.— [С. 389-398]
Altres autors: Ясельский В. К. Владимир Карпович, Байструков К. И. Константин Иванович, Павлов В. М. Вадим Михайлович, Шарнин А. В. Александр Викторович, Драпико Е. А., Холоша А. Ю., Громаков Е. И. Евгений Иванович, Стороженко А. А., Тихомиров Л. Н., Тажибаева И. Л., Дзалбо В. В.
Sumari:Заглавие с титульного листа
Электронная версия печатной публикации
Рассмотрены проблемы проектирования программного обеспечения системы автоматизации экспериментов (САЭ) термоядерной материаловедческой установки - токамака КТМ. Представлена структурная схема САЭ токамака КТМ. Проанализированы варианты адаптации SCADA-системы TRACE MODE (произв-во AdAstra Research Group, Ltd, Россия) в структуре ПО САЭ. Разработана и описана архитектура программного комплекса САЭ. Рассмотрены функционирование САЭ и информационные потоки в системе в режиме подготовки к экспериментам и в процессе проведения плазменных разрядов. Приведены формы отображения информации на пульте управления токамака КТМ. Предложены алгоритмы выполнения программ экспериментов в автоматическом режиме и под управлением оператора САЭ.
Idioma:rus
Publicat: 2002
Col·lecció:Электроника и автоматика физических установок
Matèries:
Accés en línia:http://www.lib.tpu.ru/fulltext/v/Bulletin_TPU/2002/v305/i3/68.pdf
Format: MixedMaterials Electrònic Capítol de llibre
KOHA link:https://koha.lib.tpu.ru/cgi-bin/koha/opac-detail.pl?biblionumber=164006

MARC

LEADER 00000nla2a2200000 4500
001 164006
005 20240207145802.0
035 |a (RuTPU)RU\TPU\book\177922 
035 |a RU\TPU\book\177912 
090 |a 164006 
100 |a 20090826d2002 k y0rusy50 ca 
101 0 |a rus 
102 |a RU 
135 |a drnn ---uucaa 
181 0 |a i  
182 0 |a b 
200 1 |a Адаптация SCADA-системы в структуре программного обеспечения системы автоматизации экспериментов на термоядерной установке КТМ  |f В. К. Ясельский [и др.] 
203 |a Текст  |c электронный 
215 |a 1 файл (1.7 Мб) 
225 1 |a Электроника и автоматика физических установок 
300 |a Заглавие с титульного листа 
300 |a Электронная версия печатной публикации 
320 |a [Библиогр.: с. 398 (3 назв.)] 
330 |a Рассмотрены проблемы проектирования программного обеспечения системы автоматизации экспериментов (САЭ) термоядерной материаловедческой установки - токамака КТМ. Представлена структурная схема САЭ токамака КТМ. Проанализированы варианты адаптации SCADA-системы TRACE MODE (произв-во AdAstra Research Group, Ltd, Россия) в структуре ПО САЭ. Разработана и описана архитектура программного комплекса САЭ. Рассмотрены функционирование САЭ и информационные потоки в системе в режиме подготовки к экспериментам и в процессе проведения плазменных разрядов. Приведены формы отображения информации на пульте управления токамака КТМ. Предложены алгоритмы выполнения программ экспериментов в автоматическом режиме и под управлением оператора САЭ. 
337 |a Adobe Reader 
461 1 |0 (RuTPU)RU\TPU\book\176237  |t Известия Томского политехнического университета [Известия ТПУ]  |f Томский политехнический университет (ТПУ)  |d 2000- 
463 1 |0 (RuTPU)RU\TPU\book\177520  |t Т. 305, вып. 3 : Проблемы и перспективы технологий атомной промышленности  |o тематический выпуск  |v [С. 389-398]  |d 2002  |p 415 с. 
610 1 |a Scada-системы 
610 1 |a программное обеспечение 
610 1 |a термоядерные установки 
610 1 |a системы автоматизации экспериментов 
610 1 |a труды учёных ТПУ 
610 1 |a электронный ресурс 
610 1 |a Токамаки 
610 1 |a проектирование программ 
610 1 |a структурные схемы 
610 1 |a информационные потоки 
610 1 |a экспериментальные исследования 
610 1 |a архитектура программных комплексов 
701 1 |a Ясельский  |b В. К.  |c специалист в области ядерных технологий  |c доцент Томского политехнического университета  |f 1941-  |g Владимир Карпович  |3 (RuTPU)RU\TPU\pers\30507 
701 1 |a Байструков  |b К. И.  |c физик  |c старший преподаватель Томского политехнического университета  |f 1966-  |g Константин Иванович  |3 (RuTPU)RU\TPU\pers\27825 
701 1 |a Павлов  |b В. М.  |c специалист в области автоматики и электроники  |c доцент Томского политехнического университета, кандидат технических наук  |f 1965-  |g Вадим Михайлович  |3 (RuTPU)RU\TPU\pers\25738  |9 11640 
701 1 |a Шарнин  |b А. В.  |c российский ученый, специалист в области автоматики физических установок  |c младший научный сотрудник Томского политехнического университета  |f 1976-  |g Александр Викторович  |3 (RuTPU)RU\TPU\pers\25743 
701 1 |a Драпико  |b Е. А. 
701 1 |a Холоша  |b А. Ю. 
701 1 |a Громаков  |b Е. И.  |c специалист в области автоматизированных систем управления  |c доцент Томского политехнического университета, кандидат технических наук  |f 1943-  |g Евгений Иванович  |3 (RuTPU)RU\TPU\pers\25727  |9 11629 
701 1 |a Стороженко  |b А. А. 
701 1 |a Тихомиров  |b Л. Н. 
701 1 |a Тажибаева  |b И. Л. 
701 1 |a Дзалбо  |b В. В. 
801 1 |a RU  |b 63413507  |c 20090623  |g PSBO 
801 2 |a RU  |b 63413507  |c 20210417  |g PSBO 
856 4 |u http://www.lib.tpu.ru/fulltext/v/Bulletin_TPU/2002/v305/i3/68.pdf 
942 |c CF